00310nam a22001211a 4500082001700000100001400017245006200031260004100093300001000134500001400144650001800158650001200176 aM 909bJOH/L aJohn Reed aLokathe pidichu kulukkiya pathu divasangal/cby John Reed aThiruvananthapuram:bPrabhat,c1987. a536p. aJohn Reed aHistory World aHistory